| 000 | 01041cam a2200313 a 4500 | ||
|---|---|---|---|
| 001 | 1646 | ||
| 005 | 20250731140759.0 | ||
| 020 | _a0439357713 | ||
| 040 |
_aDLC _cDLC _dDLC _beng |
||
| 050 | 0 | 0 | _aPR2771.K37 |
| 082 | 0 | 0 |
_a821.3 _221 |
| 100 | 1 |
_aShakespeare, William _d1564-1616. |
|
| 245 | 1 | 0 |
_aWilliam Shakespeare _cedited by David Scott Kastan & Marina Kastan ; illustrated by Glen Harrington. |
| 260 |
_aNew York : _bScholastic _c2000 |
||
| 300 |
_a48 pages : _bColor illustrations ; _c26 cm |
||
| 490 | _aPoetry for young people | ||
| 500 | _aIncludes index. | ||
| 505 | _aZ | ||
| 520 | _aIntroduces the poetry of William Shakespeare through a sampling of sonnets and excerpts from his plays. | ||
| 521 |
_a900
_bLexile |
||
| 521 |
_aZ
_bRaz-Plus |
||
| 650 | 0 | _aChildren's poetry, English. | |
| 650 | 1 | _aEnglish poetry. | |
| 700 | 1 | _aKastan, David Scott. | |
| 700 | 1 | _aKastan, Marina. | |
| 700 | 1 |
_aHarrington, Glenn _eillustrator |
|
| 906 |
_a7 _bcbc _corignew _d1 _eocip _f20 _gy-gencatlg |
||
| 942 |
_2ddc _cBK _n0 |
||
| 999 |
_c1646 _d1646 |
||